| 000 | 00420nam a2200193Ia 4500 | ||
|---|---|---|---|
| 008 | 210210b1931 xxu||||| |||| 00| 0 eng d | ||
| 041 | _aeng | ||
| 082 | _a331/267 | ||
| 100 | _a_ | ||
| 245 | _aIndian currency and exchange 1914-30 | ||
| 260 |
_aMadras _b- _c1931 |
||
| 650 | _aIndian | ||
| 650 | _aexchange | ||
| 650 | _acurrency | ||
| 650 | _aand | ||
| 650 | _a1914-30 | ||
| 690 | _aBanking | ||
| 906 | _a004169 | ||
| 999 |
_c123228 _d123228 |
||